| 000 | 00491nam a22001577a 4500 | ||
|---|---|---|---|
| 020 | _qHard Cover. | ||
| 082 | _a658 | ||
| 100 | _aZainab. | ||
| 245 |
_aAnalyzing the Impact of Experiencing Andragogical Approach on Perception of Training _cZainab. |
||
| 260 |
_aIslamabad: _bNBS - NUST, _c2016. |
||
| 300 |
_a43 p. : _bill. ; _c30cm. |
||
| 650 |
_aMBA-Thesis. _917629 |
||
| 700 |
_aDr. Faisal Asghar Imam _917787 |
||
| 942 |
_2ddc _cTHE |
||
| 999 |
_c532879 _d532879 |
||